Sports Quiz

Random Sports or NFL Quiz

NFL Top 10 Quiz Stats

 Plays Quiz not verified by Sporcle

Score 0/70 Timer 07:00
0 Plays Today
Category Player % Correct
QuarterbacksPeyton Manning
97%
QuarterbacksTom Brady
93.9%
QuarterbacksJoe Montana
93.2%
Wide RecieversJerry Rice
93.2%
Running BacksJim Brown
87.9%
CoachesPaul Brown
87.9%
Running BacksEmmitt Smith
86.4%
Running BacksBarry Sanders
84.1%
Special TeamsDeion Sanders
84.1%
QuarterbacksJohn Elway
83.3%
Running BacksWalter Payton
83.3%
QuarterbacksDan Marino
81.1%
QuarterbacksJohnny Unitas
79.5%
QuarterbacksBrett Favre
78.8%
Wide RecieversRandy Moss
75%
QuarterbacksTerry Bradshaw
73.5%
Team LogoDallas Cowboys
72.7%
Team LogoGreen Bay Packers
69.7%
Team LogoOakland Raiders
68.2%
Team LogoPittsburgh Steelers
68.2%
Team LogoNew England Patriots
67.4%
Wide RecieversCalvin Johnson
66.7%
Special TeamsBilly Johnson
66.7%
CoachesJohn Madden
65.2%
BroadcastersJohn Madden
65.2%
Team LogoNew York Giants
63.6%
Running BacksLaDainian Tomlinson
62.9%
CoachesVince Lombardi
62.1%
QuarterbacksTroy Aikman
60.6%
Team LogoSan Diego Chargers
60.6%
Special TeamsDevin Hester
56.1%
CoachesBill Belichick
55.3%
Running BacksO.J. Simpson
50.8%
Wide RecieversSteve Largent
50%
Running BacksGale Sayers
49.2%
Category Player % Correct
CoachesDon Shula
49.2%
CoachesTom Landry
49.2%
Team LogoTampa Bay Buccaneers
49.2%
Special TeamsGale Sayers
49.2%
Team LogoNew Orleans Saints
48.5%
Running BacksMarshall Faulk
47.7%
Wide RecieversMichael Irvin
47.7%
Team LogoSeattle Seahawks
45.5%
BroadcastersAl Michaels
45.5%
Wide RecieversLynn Swann
44.7%
Running BacksEarl Campbell
43.2%
Running BacksBo Jackson
40.2%
CoachesChuck Noll
39.4%
CoachesBill Walsh
35.6%
Special TeamsMorten Anderson
35.6%
QuarterbacksOtto Graham
33.3%
CoachesBill Parcells
33.3%
Wide RecieversDon Hutson
29.5%
Wide RecieversLarry Fitzgerald
27.3%
BroadcastersHoward Cosell
25.8%
BroadcastersPat Summerall
25.8%
CoachesGeorge Halas
22.7%
Special TeamsAdam Vinatieri
22%
Wide RecieversRaymond Berry
21.2%
Special TeamsRay Guy
16.7%
BroadcastersDon Meredith
15.9%
BroadcastersCris Collinsworth
15.2%
Wide RecieversFred Biletnikoff
12.9%
Special TeamsSteve Tasker
12.1%
Special TeamsJan Stenerud
9.8%
BroadcastersCurt Gowdy
3%
BroadcastersJohn Facenda
2.3%
Special TeamsBill Bates
2.3%
BroadcastersMyron Cope
1.5%
BroadcastersDick Enburg
1.5%

You're not logged in!

Compare scores with friends on all Sporcle quizzes.
OR
Log In

You Might Also Like...

Show Comments

Extras

Created Nov 7, 2012ReportNominate
Tags:NFL Quiz, category, player, Top 10

Top Quizzes Today


Score Distribution

Your Account Isn't Verified!

In order to create a playlist on Sporcle, you need to verify the email address you used during registration. Go to your Sporcle Settings to finish the process.

Report this User

Report this user for behavior that violates our Community Guidelines.

Details: